Loading...
| Philosophy | 0 | 6 | 1 | 0 | 55 | 91 | 114.00 | 0 | 1 |
| Literature - American Literature | 0 | 5 | 0 | 0 | 50 | 26 | 86.20 | 2 | 3 |
| Literature - European Literature | 0 | 5 | 0 | 1 | 50 | 113 | 126.60 | 0 | 3 |
| Religion | 0 | 5 | 0 | 1 | 50 | 83 | 109.80 | 1 | 3 |
| Literature - British Literature | 0 | 4 | 0 | 0 | 40 | 30 | 70.50 | 2 | 4 |
| Literature - World Literature | 0 | 4 | 0 | 1 | 40 | 73 | 115.50 | 1 | 1 |
| Fine Arts - Classical Music | 0 | 3 | 0 | 0 | 30 | 106 | 116.67 | 0 | 1 |
| History - European History | 0 | 3 | 0 | 0 | 30 | 55 | 59.33 | 1 | 2 |
| Geography | 0 | 2 | 0 | 0 | 20 | 97 | 97.50 | 0 | 0 |
| Fine Arts - Other Fine Arts | 0 | 2 | 0 | 0 | 20 | 72 | 93.00 | 0 | 1 |
| Mythology | 0 | 2 | 0 | 0 | 20 | 129 | 132.00 | 0 | 0 |
| Social Science | 0 | 2 | 1 | 0 | 15 | 101 | 102.50 | 0 | 1 |
| Other Academic | 0 | 1 | 0 | 1 | 10 | 110 | 110.00 | 0 | 0 |
| History - American History | 0 | 1 | 0 | 0 | 10 | 30 | 30.00 | 1 | 1 |
| History - Other History | 0 | 1 | 0 | 0 | 10 | 132 | 132.00 | 0 | 0 |
| Fine Arts - Painting and Sculpture | 0 | 1 | 1 | 0 | 5 | 117 | 117.00 | 0 | 0 |